5 Largest Cities In The World (J-K-L) - Statistics

General Stats
  • This quiz has been taken 83 times
  • The average score is 12 of 15
Answer Stats
Country Population City % Correct
United Kingdom 7,556,900 London
99%
Indonesia 8,540,121 Jakarta
97%
Peru 7,737,002 Lima
97%
South Africa 2,026,469 Johannesburg
94%
Nigeria 9,000,000 Lagos
93%
United States 3,971,883 Los Angeles
93%
Pakistan 11,624,219 Karachi
86%
Republic Of The Congo 7,785,965 Kinshasa
86%
Saudi Arabia 2,867,446 Jeddah
85%
Pakistan 6,310,888 Lahore
81%
India 2,711,758 Jaipur
78%
India 4,631,392 Kolkata
76%
Nigeria 3,626,068 Kano
65%
China 3,855,346 Kunming
39%
China 4,335,989 Jinan
28%
No matching quizzes found
Score Distribution
Percent of People with Each Score
Percentile by Number Answered
Your Score History
You have not taken this quiz